[Event "Titled Tuesday intern op 20th Jun Late"]
[Site "Chess.com INT"]
[Date "2023.06.20"]
[Round "9"]
[White "Myradow, Soltan"]
[Black "Omariev, Maksim"]
[Result "0-1"]
[WhiteElo "2233"]
[BlackElo "2304"]
[PlyCount "62"]
[EventDate "2023.06.20"]
[EventType "swiss (blitz)"]
[EventRounds "11"]
[EventCountry "USA"]
[SourceTitle "EXT 2024"]
[Source "ChessBase"]
[SourceDate "2023.10.10"]
[SourceVersion "1"]
[SourceVersionDate "2023.10.10"]
[SourceQuality "1"]

1. e4 c5 2. b3 d6 3. Bb2 e5 4. Bb5+ Nc6 5. Bxc6+ bxc6 6. f4 exf4 7. Nf3 Ne7 8. 0-0 Ng6 9. Re1 f6 10. Nc3 Be7 11. d4 cxd4 12. Nxd4 Qc7 13. Kh1 0-0 14. Nf5 Re8 15. Qh5 Be6 16. Rad1 Bf8 17. Rd3 Ne5 18. Nd4 Bg4 19. Qh4 g5 20. Qf2 Nxd3 21. cxd3 Bg7 22. Rc1 Qd7 23. h3 Bxh3 24. gxh3 Qxh3+ 25. Kg1 Qxd3 26. Nf5 d5 27. Rd1 Qh3 28. Nd6 Re6 29. Ba3 Bf8 30. exd5 Re3 31. Ne2 Qg4+ 0-1

[Event "Asian Continental Blitz op 19th"]
[Site "Delhi"]
[Date "2022.11.03"]
[Round "7"]
[White "Myradow, Soltan"]
[Black "Anuj, Shrivatri"]
[Result "0-1"]
[WhiteElo "2233"]
[BlackElo "2411"]
[PlyCount "109"]
[EventDate "2022.11.03"]
[EventType "swiss (blitz)"]
[EventRounds "9"]
[EventCountry "IND"]
[SourceTitle "EXT 2024"]
[Source "ChessBase"]
[SourceDate "2023.10.10"]
[SourceVersion "1"]
[SourceVersionDate "2023.10.10"]
[SourceQuality "1"]

1. d4 Nf6 2. c4 g6 3. Nc3 Bg7 4. e4 d6 5. Be2 0-0 6. h4 c5 7. d5 e6 8. dxe6 Bxe6 9. h5 Nc6 10. hxg6 fxg6 11. Nf3 Qe7 12. Bg5 Rad8 13. Qc2 Qf7 14. Be3 Ng4 15. 0-0-0 Nxe3 16. fxe3 Qe7 17. Nd5 Bxd5 18. cxd5 Nb4 19. Qb1 c4 20. a3 Na6 21. e5 Bxe5 22. Nxe5 Qxe5 23. e4 c3 24. b4 c2 25. Kxc2 Rc8+ 26. Kb3 Rc3+ 27. Ka2 Rfc8 28. Rd2 Nc7 29. Qb2 Ne8 30. Rf1 Nf6 31. Bf3 R8c7 32. Re1 g5 33. Rde2 g4 34. Re3 gxf3 35. gxf3 Rxe3 36. Qxe5 dxe5 37. Rxe3 h5 38. Re2 h4 39. d6 Rd7 40. f4 Rxd6 41. fxe5 Re6 42. exf6 Rxf6 43. e5 Re6 44. Re4 Rh6 45. Rf4 h3 46. e6 Rxe6 47. Rg4+ Kh7 48. Rg1 h2 49. Rh1 Rh6 50. Kb3 Kg6 51. b5 Kf5 52. Kc4 Kf4 53. Kc5 Kg3 54. a4 Kg2 55. Rf1 0-1

[Event "Asian Continental Blitz op 19th"]
[Site "Delhi"]
[Date "2022.11.03"]
[Round "1"]
[White "Myradow, Soltan"]
[Black "Bilguun, Sumiya"]
[Result "1-0"]
[WhiteElo "2233"]
[BlackElo "2467"]
[PlyCount "59"]
[EventDate "2022.11.03"]
[EventType "swiss (blitz)"]
[EventRounds "9"]
[EventCountry "IND"]
[SourceTitle "EXT 2024"]
[Source "ChessBase"]
[SourceDate "2023.10.10"]
[SourceVersion "1"]
[SourceVersionDate "2023.10.10"]
[SourceQuality "1"]

1. d4 d5 2. c4 e6 3. Nc3 a6 4. cxd5 exd5 5. Nf3 Nf6 6. Bf4 Be7 7. e3 0-0 8. Bd3 c6 9. 0-0 Nbd7 10. Rb1 a5 11. Qc2 Re8 12. Nb5 Rf8 13. Bc7 Qe8 14. Nd6 Bxd6 15. Bxd6 Qe6 16. Bxf8 Nxf8 17. Ne5 g6 18. f4 Qe7 19. f5 g5 20. Rbe1 h6 21. e4 dxe4 22. Bxe4 Nxe4 23. Qxe4 Nh7 24. Ng4 Qxe4 25. Rxe4 Bd7 26. Nxh6+ Kg7 27. Re7 Be8 28. Ng4 Nf6 29. Nxf6 Kxf6 30. Rfe1 1-0

[Event "Titled Tuesday intern op 21st Jun Late"]
[Site "Chess.com INT"]
[Date "2022.06.21"]
[Round "2"]
[White "Dobre, Claudiu Cristian"]
[Black "Myradow, Soltan"]
[Result "0-1"]
[WhiteElo "2285"]
[BlackElo "2233"]
[PlyCount "136"]
[EventDate "2022.06.21"]
[EventType "swiss (blitz)"]
[EventRounds "11"]
[EventCountry "USA"]
[SourceTitle "EXT 2023"]
[Source "ChessBase"]
[SourceDate "2022.10.05"]
[SourceVersion "1"]
[SourceVersionDate "2022.10.05"]
[SourceQuality "1"]

1. c4 Nf6 2. Nc3 d5 3. cxd5 Nxd5 4. e4 Nxc3 5. dxc3 Qxd1+ 6. Kxd1 e5 7. Be3 Be6 8. Nf3 f6 9. Nd2 Nd7 10. Bc4 Bxc4 11. Nxc4 0-0-0 12. Kc2 Bc5 13. b4 Bxe3 14. Nxe3 c6 15. a4 Kc7 16. h4 h5 17. Rh3 Nf8 18. Rhh1 Ne6 19. g3 a5 20. Rhd1 Rxd1 21. Rxd1 axb4 22. cxb4 Nd4+ 23. Kc3 Rd8 24. Rd2 Ra8 25. a5 Rd8 26. Nf5 Nb5+ 27. Kc2 Na3+ 28. Kc1 Rg8 29. f3 Nb5 30. g4 g6 31. Ng3 hxg4 32. fxg4 Nd4 33. Rf2 f5 34. exf5 gxf5 35. g5 f4 36. Ne4 Nf5 37. h5 Ng3 38. h6 Nxe4 39. h7 Rd8 40. Re2 Nxg5 41. Rxe5 Nxh7 42. Rf5 Rd4 43. Rf7+ Rd7 44. Rxf4 Ng5 45. Kc2 Ne6 46. Rf6 Nd4+ 47. Kb2 Nb5 48. Rh6 Kb8 49. Rh4 Nc7 50. Rh8+ Ka7 51. Rh5 Ka6 52. Kc3 Rg7 53. Rh3 Kb5 54. Kb3 Nd5 55. Rf3 Rg4 56. Rf7 Rxb4+ 57. Ka3 Ra4+ 58. Kb2 Rb4+ 59. Ka3 Kxa5 60. Rf5 Rb5 61. Rh5 Nb6 62. Rh4 Nd5 63. Ra4+ Kb6 64. Rh4 Kc7 65. Ka4 Rb6 66. Ka3 Ra6+ 67. Kb3 b5 68. Rh6 Kb6 0-1

[Event "Titled Tuesday intern op 31st May Early"]
[Site "Chess.com INT"]
[Date "2022.05.31"]
[Round "7"]
[White "Myradow, Soltan"]
[Black "Richter, Nils"]
[Result "1-0"]
[WhiteElo "2233"]
[BlackElo "2359"]
[PlyCount "83"]
[EventDate "2022.05.31"]
[EventType "swiss (blitz)"]
[EventRounds "11"]
[EventCountry "USA"]
[SourceTitle "CBM 208 Extra"]
[Source "ChessBase"]
[SourceDate "2022.07.31"]
[SourceVersion "1"]
[SourceVersionDate "2022.07.31"]
[SourceQuality "1"]

1. d4 d5 2. c4 e6 3. Nc3 Nf6 4. Nf3 Ne4 5. Qc2 Nxc3 6. Qxc3 a5 7. a3 Bb4 8. axb4 axb4 9. Rxa8 bxc3 10. Rxb8 cxb2 11. Bxb2 0-0 12. e3 c5 13. dxc5 Qa5+ 14. Kd1 Qa7 15. Be5 f6 16. Bd6 Qa1+ 17. Kc2 Re8 18. Rg1 Qa2+ 19. Kc1 Qxf2 20. Bd3 Qxe3+ 21. Kc2 Kf7 22. Re1 Qh6 23. cxd5 Qh5 24. dxe6+ Rxe6 25. Rxc8 Rxe1 26. Nxe1 Qg4 27. Rc7+ Ke6 28. Rxb7 Qa4+ 29. Kd2 Qa5+ 30. Kc2 Qa4+ 31. Rb3 Qa2+ 32. Rb2 Qa4+ 33. Kd2 Qa5+ 34. Ke2 h5 35. Rd2 h4 36. Nf3 g5 37. Bc4+ Kf5 38. h3 Qc3 39. Bf7 Ke4 40. Rd4+ Kf5 41. Rd5+ Ke4 42. Nd2+ 1-0

[Event "Titled Tuesday intern op 31st May Early"]
[Site "Chess.com INT"]
[Date "2022.05.31"]
[Round "9"]
[White "Shuvalov, Evgenij"]
[Black "Myradow, Soltan"]
[Result "1-0"]
[WhiteElo "2182"]
[BlackElo "2233"]
[PlyCount "85"]
[EventDate "2022.05.31"]
[EventType "swiss (blitz)"]
[EventRounds "11"]
[EventCountry "USA"]
[SourceTitle "CBM 208 Extra"]
[Source "ChessBase"]
[SourceDate "2022.07.31"]
[SourceVersion "1"]
[SourceVersionDate "2022.07.31"]
[SourceQuality "1"]

1. Nf3 Nf6 2. c4 c5 3. d4 cxd4 4. Nxd4 e6 5. Nc3 a6 6. g3 d6 7. Bg2 Qc7 8. Bg5 Be7 9. Rc1 Nbd7 10. 0-0 0-0 11. b3 Rd8 12. Qd2 Nf8 13. Rfd1 Bd7 14. e4 Rac8 15. h3 Qb8 16. Qe1 b5 17. cxb5 axb5 18. Nce2 Qa7 19. Ra1 Rc7 20. Be3 Rdc8 21. Nxb5 Qa6 22. Nxc7 Rxc7 23. a4 Ng6 24. Rdc1 Rb7 25. b4 Ne5 26. b5 Qa8 27. Qd2 Qd8 28. Nd4 Rb8 29. f4 Ng6 30. Nc6 Bxc6 31. Rxc6 d5 32. e5 Nd7 33. Rac1 h6 34. Qc2 Qa5 35. Rc8+ Rxc8 36. Qxc8+ Ngf8 37. Qc2 g5 38. Bd2 Qb6+ 39. Kh2 gxf4 40. gxf4 Bh4 41. Rb1 Qf2 42. Qd3 Ng6 43. Qe3 1-0

[Event "Titled Tuesday intern op 17th May Late"]
[Site "Chess.com INT"]
[Date "2022.05.17"]
[Round "2"]
[White "Myradow, Soltan"]
[Black "Kim, Sergey2"]
[Result "0-1"]
[WhiteElo "2233"]
[BlackElo "2295"]
[PlyCount "90"]
[EventDate "2022.05.17"]
[EventType "swiss (blitz)"]
[EventRounds "11"]
[EventCountry "USA"]
[SourceTitle "CBM 208 Extra"]
[Source "ChessBase"]
[SourceDate "2022.07.31"]
[SourceVersion "1"]
[SourceVersionDate "2022.07.31"]
[SourceQuality "1"]

1. d4 Nf6 2. c4 g6 3. Nc3 Bg7 4. e4 d6 5. f3 0-0 6. Be3 Nc6 7. d5 Ne5 8. Qd2 c5 9. h3 a6 10. f4 Ned7 11. Nf3 b5 12. cxb5 axb5 13. Bxb5 Ba6 14. Bxa6 Rxa6 15. 0-0 Qa8 16. Rf2 Nb6 17. Qe1 Nc4 18. Bc1 Rb8 19. Re2 Nh5 20. g4 Nf6 21. Kg2 e6 22. dxe6 fxe6 23. Kg3 Rab6 24. Ng5 Nxb2 25. Nxe6 Nd3 26. Qd1 Nxc1 27. Rxc1 Bh8 28. Nd5 Nxd5 29. exd5 Qa3+ 30. Kg2 Rb2 31. Rcc2 Qxa2 32. Qd3 Rxc2 33. Rxc2 Rb2 34. Rxb2 Qxb2+ 35. Kf1 Qc1+ 36. Kg2 Qb2+ 37. Kf1 Qc1+ 38. Kg2 Bc3 39. Qb5 Qd2+ 40. Kf3 Qd1+ 41. Kg2 Qd2+ 42. Kf3 Qxd5+ 43. Kg3 Qxe6 44. Qd3 Bd4 45. f5 Qe3+ 0-1

[Event "Titled Tuesday intern op 17th May Late"]
[Site "Chess.com INT"]
[Date "2022.05.17"]
[Round "4"]
[White "Myradow, Soltan"]
[Black "Lin, Dachey"]
[Result "0-1"]
[WhiteElo "2233"]
[BlackElo "2299"]
[PlyCount "28"]
[EventDate "2022.05.17"]
[EventType "swiss (blitz)"]
[EventRounds "11"]
[EventCountry "USA"]
[SourceTitle "CBM 208 Extra"]
[Source "ChessBase"]
[SourceDate "2022.07.31"]
[SourceVersion "1"]
[SourceVersionDate "2022.07.31"]
[SourceQuality "1"]

1. d4 g6 2. Nf3 Bg7 3. Bf4 Nf6 4. e3 0-0 5. Be2 c5 6. 0-0 cxd4 7. exd4 Qb6 8. Nc3 d6 9. Qd2 Nc6 10. h3 Qxb2 11. Rfb1 Qa3 12. Nb5 Qa4 13. Nc7 Rb8 14. Na6 bxa6 0-1

[Event "Titled Tuesday intern op 10th May Late"]
[Site "Chess.com INT"]
[Date "2022.05.10"]
[Round "1"]
[White "Myradow, Soltan"]
[Black "Khripachenko, Alexander"]
[Result "0-1"]
[WhiteElo "2233"]
[BlackElo "2195"]
[PlyCount "56"]
[EventDate "2022.05.10"]
[EventType "swiss (blitz)"]
[EventRounds "11"]
[EventCountry "USA"]
[SourceTitle "CBM 208 Extra"]
[Source "ChessBase"]
[SourceDate "2022.07.31"]
[SourceVersion "1"]
[SourceVersionDate "2022.07.31"]
[SourceQuality "1"]

1. d4 Nf6 2. Nf3 g6 3. Bg5 Bg7 4. Nbd2 0-0 5. e3 c5 6. c3 d6 7. Bd3 b6 8. Qe2 Bb7 9. 0-0-0 Nc6 10. Kb1 Rc8 11. h4 h6 12. Bxf6 exf6 13. g4 cxd4 14. exd4 Re8 15. Qf1 Ne7 16. Rg1 Nd5 17. Bb5 Re7 18. Ba6 Qc7 19. Bxb7 Qxb7 20. Ne1 b5 21. Nd3 a5 22. Qg2 Re2 23. Rge1 Rxd2 24. Rxd2 Nxc3+ 25. bxc3 Qxg2 26. Kb2 Qxg4 27. Re3 b4 28. Rc2 f5 0-1

[Event "Titled Tuesday intern op 10th May Early"]
[Site "Chess.com INT"]
[Date "2022.05.10"]
[Round "5"]
[White "Myradow, Soltan"]
[Black "Lamaze, Simon"]
[Result "0-1"]
[WhiteElo "2233"]
[BlackElo "2369"]
[PlyCount "62"]
[EventDate "2022.05.10"]
[EventType "swiss (blitz)"]
[EventRounds "11"]
[EventCountry "USA"]
[SourceTitle "CBM 208 Extra"]
[Source "ChessBase"]
[SourceDate "2022.07.31"]
[SourceVersion "1"]
[SourceVersionDate "2022.07.31"]
[SourceQuality "1"]

1. d4 Nf6 2. Nf3 e6 3. Bf4 d5 4. Nbd2 Bd6 5. Bg3 0-0 6. e3 c5 7. c3 Qc7 8. Bxd6 Qxd6 9. Ne5 Nfd7 10. f4 f6 11. Nxd7 Nxd7 12. Bd3 e5 13. 0-0 e4 14. Be2 Nb6 15. dxc5 Qxc5 16. Kh1 Qxe3 17. Nb3 Bd7 18. Nd4 g5 19. f5 Kg7 20. Qb3 g4 21. Bxg4 Qg5 22. Be2 Rae8 23. Bb5 Rf7 24. Bxd7 Rxd7 25. Ne6+ Rxe6 26. fxe6 Re7 27. a4 Nc4 28. Rae1 Nd2 29. Qb4 Rxe6 30. Qxb7+ Kg6 31. Qxd5 Qxd5 0-1

[Event "Titled Tuesday intern op 10th May Early"]
[Site "Chess.com INT"]
[Date "2022.05.10"]
[Round "4"]
[White "Padmini, Rout"]
[Black "Myradow, Soltan"]
[Result "1-0"]
[WhiteElo "2348"]
[BlackElo "2233"]
[PlyCount "81"]
[EventDate "2022.05.10"]
[EventType "swiss (blitz)"]
[EventRounds "11"]
[EventCountry "USA"]
[SourceTitle "CBM 208 Extra"]
[Source "ChessBase"]
[SourceDate "2022.07.31"]
[SourceVersion "1"]
[SourceVersionDate "2022.07.31"]
[SourceQuality "1"]

1. e4 e5 2. Nf3 Nf6 3. d4 Nxe4 4. Bd3 d5 5. dxe5 Bc5 6. 0-0 0-0 7. c4 c6 8. Nc3 Nxc3 9. bxc3 dxc4 10. Bxc4 Bg4 11. h3 Bh5 12. g4 Bg6 13. Qe2 Nd7 14. Rd1 Qc7 15. e6 Nb6 16. Ne5 Nxc4 17. Nxc4 fxe6 18. Be3 Be7 19. Bd4 Bh4 20. Ne5 Be8 21. c4 c5 22. Bc3 Rd8 23. Rxd8 Qxd8 24. Nf3 Bc6 25. Nxh4 Qxh4 26. Qe3 h6 27. f4 e5 28. Bxe5 Rd8 29. Re1 Re8 30. Re2 Re7 31. Qxc5 Qg3+ 32. Kf1 Qf3+ 33. Ke1 Qh1+ 34. Kd2 Rd7+ 35. Bd6 Qxh3 36. Re8+ Kh7 37. Qf5+ g6 38. Qe5 Qg2+ 39. Kc3 Qf3+ 40. Kb4 Rxd6 41. Rh8# 1-0

[Event "Titled Tuesday intern op 19th Apr Early"]
[Site "Chess.com INT"]
[Date "2022.04.19"]
[Round "1"]
[White "Bilan, Danila"]
[Black "Myradow, Soltan"]
[Result "0-1"]
[WhiteElo "2303"]
[BlackElo "2233"]
[PlyCount "210"]
[EventDate "2022.04.19"]
[EventType "swiss (blitz)"]
[EventRounds "11"]
[EventCountry "USA"]
[SourceTitle "EXT 2023"]
[Source "ChessBase"]
[SourceDate "2022.10.05"]
[SourceVersion "1"]
[SourceVersionDate "2022.10.05"]
[SourceQuality "1"]

1. d4 Nf6 2. Nf3 e6 3. g3 b6 4. Bg2 Bb7 5. 0-0 c5 6. c4 cxd4 7. Nxd4 Bxg2 8. Kxg2 Qc8 9. b3 Qb7+ 10. f3 a6 11. Bb2 d6 12. Nc3 Nbd7 13. e4 Be7 14. Qe2 0-0 15. Rfd1 Rac8 16. Rac1 Rfd8 17. Nc2 h6 18. Ne3 Nc5 19. b4 Ncd7 20. a3 Ne5 21. Nb1 Nfd7 22. Nd2 b5 23. f4 Nxc4 24. Nexc4 bxc4 25. Nxc4 Nb6 26. Na5 Qa8 27. Kh3 Bf8 28. Bd4 Nd7 29. Qd3 Rxc1 30. Rxc1 Rc8 31. Rxc8 Qxc8 32. Qc4 Qa8 33. Qc6 Qxc6 34. Nxc6 g5 35. f5 h5 36. g4 h4 37. Kg2 d5 38. exd5 exd5 39. Kf3 f6 40. h3 Kf7 41. Nd8+ Ke8 42. Ne6 Bd6 43. Ba7 Kf7 44. Bd4 Ke8 45. Ke3 Kf7 46. Kd3 Ne5+ 47. Bxe5 Bxe5 48. a4 Ke7 49. Nd4 Kd6 50. Ne6 Kc6 51. Kc2 Kb6 52. Kb3 Bd6 53. Nd4 Be5 54. Nf3 Bf4 55. Nd4 Be5 56. Nc2 Bd6 57. Ne3 d4 58. Nc4+ Kc6 59. Nxd6 Kxd6 60. Kc4 Ke5 61. Kd3 Kd5 62. b5 axb5 63. axb5 Kc5 64. b6 Kxb6 65. Kxd4 Kc6 66. Ke4 Kd6 67. Kd4 Kc6 68. Kc4 Kd6 69. Kb5 Ke5 70. Kc5 Kf4 71. Kd6 Kg3 72. Ke6 Kxh3 73. Kxf6 Kxg4 74. Kg6 h3 75. f6 h2 76. f7 h1Q 77. f8Q Qh5+ 78. Kg7 Qh4 79. Kg6 Kg3 80. Qa3+ Kh2 81. Qb2+ Kh3 82. Qc3+ Kg4 83. Qd4+ Kf3 84. Qf6+ Kg4 85. Qf5+ Kg3 86. Qd3+ Kh2 87. Qe2+ Kh1 88. Qf1+ Kh2 89. Qf5 g4 90. Qf4+ Kh3 91. Qf1+ Kh2 92. Qe2+ Kh1 93. Qf1+ Kh2 94. Qf4+ Kg1 95. Qc1+ Kg2 96. Qd2+ Kf3 97. Qd1+ Kg2 98. Qe2+ Kg3 99. Qe1+ Kh3 100. Qh1+ Kg3 101. Qe1+ Kh3 102. Qh1+ Kg3 103. Qg1+ Kf3 104. Qd1+ Ke3 105. Qe1+ Qxe1 0-1

[Event "Titled Tuesday intern op 19th Apr Early"]
[Site "Chess.com INT"]
[Date "2022.04.19"]
[Round "3"]
[White "Hua, Lefong"]
[Black "Myradow, Soltan"]
[Result "1-0"]
[WhiteElo "2305"]
[BlackElo "2233"]
[PlyCount "85"]
[EventDate "2022.04.19"]
[EventType "swiss (blitz)"]
[EventRounds "11"]
[EventCountry "USA"]
[SourceTitle "EXT 2023"]
[Source "ChessBase"]
[SourceDate "2022.10.05"]
[SourceVersion "1"]
[SourceVersionDate "2022.10.05"]
[SourceQuality "1"]

1. d4 Nf6 2. c4 e6 3. Nc3 Bb4 4. f3 d5 5. a3 Be7 6. e4 dxe4 7. fxe4 c5 8. d5 exd5 9. cxd5 0-0 10. Nf3 Bg4 11. Be2 Re8 12. 0-0 Nbd7 13. h3 Bh5 14. Bf4 Bf8 15. Nd2 Bxe2 16. Qxe2 Ne5 17. Nc4 Ng6 18. Bg5 h6 19. Bxf6 gxf6 20. d6 Bg7 21. Rad1 Re6 22. a4 Qd7 23. Rf5 Rae8 24. Rxc5 Rc8 25. Rxc8+ Qxc8 26. d7 Qd8 27. Qf2 Re7 28. Qxa7 Rxd7 29. Rxd7 Qxd7 30. Nd5 Qe6 31. Qxb7 f5 32. exf5 Qxf5 33. Nde3 Qb1+ 34. Kh2 Qe1 35. Qf3 Nh4 36. Qf1 Qb4 37. Qf2 Ng6 38. a5 Bd4 39. Qf3 Qb8+ 40. Qg3 Qa7 41. Kh1 Kh7 42. b4 Qc7 43. Qxc7 1-0

[Event "Titled Tuesday intern op 19th Apr Early"]
[Site "Chess.com INT"]
[Date "2022.04.19"]
[Round "7"]
[White "Myradow, Soltan"]
[Black "Moskvin, Anatoly"]
[Result "0-1"]
[WhiteElo "2233"]
[BlackElo "2170"]
[PlyCount "52"]
[EventDate "2022.04.19"]
[EventType "swiss (blitz)"]
[EventRounds "11"]
[EventCountry "USA"]
[SourceTitle "EXT 2023"]
[Source "ChessBase"]
[SourceDate "2022.10.05"]
[SourceVersion "1"]
[SourceVersionDate "2022.10.05"]
[SourceQuality "1"]

1. d4 Nf6 2. c4 c5 3. d5 b5 4. cxb5 a6 5. bxa6 Bxa6 6. Nc3 g6 7. e4 Bxf1 8. Kxf1 d6 9. g3 Bg7 10. Kg2 0-0 11. h3 Nbd7 12. Nge2 Qb6 13. Qc2 Rfb8 14. Rb1 Qa6 15. b3 Ne8 16. Bb2 Nc7 17. h4 h5 18. Ra1 Ne5 19. Rhd1 c4 20. Nd4 Nd3 21. Nc6 Re8 22. Rxd3 cxd3 23. Qd2 e6 24. a4 exd5 25. exd5 Nxd5 26. Nxd5 Qxc6 0-1

[Event "Titled Tuesday intern op 12th Apr Early"]
[Site "Chess.com INT"]
[Date "2022.04.12"]
[Round "3"]
[White "Simonovic, Miroslav"]
[Black "Myradow, Soltan"]
[Result "0-1"]
[WhiteElo "2115"]
[BlackElo "2233"]
[PlyCount "36"]
[EventDate "2022.04.12"]
[EventType "swiss (blitz)"]
[EventRounds "11"]
[EventCountry "USA"]
[SourceTitle "CBM 207 Extra"]
[Source "ChessBase"]
[SourceDate "2022.05.31"]
[SourceVersion "1"]
[SourceVersionDate "2022.05.31"]
[SourceQuality "1"]

1. d4 Nf6 2. Bg5 e6 3. e4 h6 4. Bxf6 Qxf6 5. e5 Qe7 6. f4 b6 7. a3 Bb7 8. Nf3 d6 9. c3 Nd7 10. Nbd2 g6 11. Bd3 Bg7 12. Qc2 0-0 13. 0-0-0 c5 14. exd6 Qxd6 15. dxc5 Nxc5 16. Nc4 Qxf4+ 17. Kb1 Nxd3 18. Qxd3 Be4 0-1

[Event "Titled Tuesday intern op 05th Apr Early"]
[Site "Chess.com INT"]
[Date "2022.04.05"]
[Round "5"]
[White "Myradow, Soltan"]
[Black "Bashirli, Saadat"]
[Result "1/2-1/2"]
[WhiteElo "2233"]
[BlackElo "1421"]
[PlyCount "110"]
[EventDate "2022.04.05"]
[EventType "swiss (blitz)"]
[EventRounds "11"]
[EventCountry "USA"]
[SourceTitle "CBM 207 Extra"]
[Source "ChessBase"]
[SourceDate "2022.05.31"]
[SourceVersion "1"]
[SourceVersionDate "2022.05.31"]
[SourceQuality "1"]

1. d4 d5 2. Nf3 e6 3. c4 c6 4. Nc3 dxc4 5. a4 Bb4 6. Bd2 Nf6 7. e3 Bxc3 8. Bxc3 0-0 9. Bxc4 a6 10. 0-0 Qe7 11. Qc2 Nbd7 12. e4 Nb6 13. Bd3 h6 14. Rfe1 Rd8 15. Rad1 Bd7 16. h3 c5 17. Ba5 Bxa4 18. b3 c4 19. Bxb6 Bxb3 20. Qb2 Bxd1 21. Bxd8 Rxd8 22. Bxc4 Bxf3 23. gxf3 Qd7 24. Bf1 Nh5 25. d5 exd5 26. Rd1 Nf4 27. Qe5 Nxh3+ 28. Bxh3 Qxh3 29. Rxd5 Rxd5 30. exd5 Qxf3 31. d6 Qg4+ 32. Kf1 Qd1+ 33. Kg2 Qg4+ 34. Kh2 Qh4+ 35. Kg1 Qg4+ 36. Kf1 Qc4+ 37. Ke1 Qb4+ 38. Ke2 Qc4+ 39. Ke3 Qb3+ 40. Ke2 Qc2+ 41. Kf3 Qd3+ 42. Kg2 Qc4 43. Kg3 Kh7 44. Qf5+ g6 45. Qf6 Qd3+ 46. Kg2 Qd5+ 47. Kf1 Qd1+ 48. Kg2 Qd5+ 49. Kg3 Qd3+ 50. Kf4 Qc4+ 51. Ke3 Qb3+ 52. Ke4 Qc4+ 53. Ke3 Qb3+ 54. Ke2 Qc2+ 55. Ke3 Qb3+ 1/2-1/2

[Event "Titled Tuesday intern op 05th Apr Early"]
[Site "Chess.com INT"]
[Date "2022.04.05"]
[Round "2"]
[White "Myradow, Soltan"]
[Black "Zavgorodniy, Sergiy"]
[Result "0-1"]
[WhiteElo "2233"]
[BlackElo "2423"]
[PlyCount "64"]
[EventDate "2022.04.05"]
[EventType "swiss (blitz)"]
[EventRounds "11"]
[EventCountry "USA"]
[SourceTitle "CBM 207 Extra"]
[Source "ChessBase"]
[SourceDate "2022.05.31"]
[SourceVersion "1"]
[SourceVersionDate "2022.05.31"]
[SourceQuality "1"]

1. Nf3 Nf6 2. d4 e6 3. e3 b6 4. b3 Bb7 5. Bb2 Be7 6. c4 0-0 7. Bd3 Bb4+ 8. Nbd2 Qe7 9. 0-0 Bxd2 10. Nxd2 d6 11. e4 Nbd7 12. f4 e5 13. fxe5 dxe5 14. d5 c5 15. Rf2 Ne8 16. Nf1 Nd6 17. Ng3 g6 18. Qe2 f6 19. Raf1 a6 20. h4 b5 21. Bc1 b4 22. Bh6 Rfe8 23. Qg4 Nf7 24. Be3 Kh8 25. h5 Rg8 26. hxg6 Rxg6 27. Qh3 Nd6 28. Kh1 Rag8 29. Be2 Rxg3 30. Qh6 R8g6 31. Qh5 Rxe3 32. Bg4 Nf8 0-1

[Event "Titled Tuesday intern op 29th Mar Early"]
[Site "Chess.com INT"]
[Date "2022.03.29"]
[Round "2"]
[White "Sargsyan, Anna M"]
[Black "Myradow, Soltan"]
[Result "1-0"]
[WhiteElo "2395"]
[BlackElo "2233"]
[PlyCount "109"]
[EventDate "2022.03.29"]
[EventType "swiss (blitz)"]
[EventRounds "11"]
[EventCountry "USA"]
[SourceTitle "CBM 207 Extra"]
[Source "ChessBase"]
[SourceDate "2022.05.31"]
[SourceVersion "1"]
[SourceVersionDate "2022.05.31"]
[SourceQuality "1"]

1. d4 Nf6 2. c4 e6 3. Nf3 b6 4. g3 Ba6 5. Qc2 c6 6. Bg2 d5 7. Ne5 Nfd7 8. cxd5 Nxe5 9. dxc6 Nexc6 10. Bxc6+ Nxc6 11. Qxc6+ Ke7 12. Qa4 Bb7 13. f3 f6 14. Nc3 Kf7 15. Be3 Bd6 16. 0-0 Qe7 17. Kg2 a6 18. Rac1 b5 19. Qd1 Rac8 20. Qd3 g6 21. Bf2 Rhd8 22. e4 Bb8 23. Rfd1 Kg8 24. Ne2 Bd6 25. a3 Rxc1 26. Rxc1 Rc8 27. Rxc8+ Bxc8 28. d5 e5 29. Qc2 Qb7 30. Nc1 Bd7 31. Nd3 Kf7 32. Bc5 Qc7 33. b4 Be7 34. Qc1 Bd8 35. Kf2 Qb7 36. Ke2 Bc7 37. Be3 Bd6 38. Bc5 Bc7 39. Be3 Bd6 40. Nc5 Qc8 41. Kd3 Be8 42. Nb3 Qh3 43. Qc2 Bd7 44. Qe2 Bc8 45. Nc5 h5 46. Qf2 h4 47. Ke2 hxg3 48. hxg3 Qh1 49. Nd3 Qa1 50. Bd2 Qxa3 51. Qa7+ Ke8 52. Qa8 Kd8 53. Qc6 Ke7 54. Qxc8 Qa2 55. Qe6+ 1-0

[Event "Titled Tuesday intern op 08th Mar Early"]
[Site "Chess.com INT"]
[Date "2022.03.08"]
[Round "5"]
[White "Coto Mederos, Michel"]
[Black "Myradow, Soltan"]
[Result "0-1"]
[WhiteElo "2348"]
[BlackElo "2233"]
[PlyCount "70"]
[EventDate "2022.03.08"]
[EventType "swiss (blitz)"]
[EventRounds "11"]
[EventCountry "USA"]
[SourceTitle "CBM 207 Extra"]
[Source "ChessBase"]
[SourceDate "2022.05.31"]
[SourceVersion "1"]
[SourceVersionDate "2022.05.31"]
[SourceQuality "1"]

1. d4 Nf6 2. Bg5 e6 3. e4 h6 4. Bxf6 Qxf6 5. Nf3 d6 6. Nc3 g6 7. Bd3 Bg7 8. Qe2 a6 9. e5 Qe7 10. h4 b5 11. h5 g5 12. Nh2 Bb7 13. Be4 d5 14. Bd3 c5 15. dxc5 Nd7 16. Ng4 Nxc5 17. 0-0 0-0 18. f4 gxf4 19. Rxf4 Qg5 20. Raf1 Nd7 21. Nf6+ Bxf6 22. exf6 Kh8 23. Rg4 Qe5 24. Qd2 Qxh5 25. Rff4 Rg8 26. Rh4 Qg5 27. Nd1 Nxf6 28. Qf2 Ne4 29. Bxe4 dxe4 30. Rxf7 e3 31. Nxe3 Rg7 32. Rxg7 Qxg7 33. Ng4 Kg8 34. Rxh6 Qxg4 35. Qd2 Rf8 0-1